[Event "Penang Mini op1st"]
[Site "Penang"]
[Date "2018.06.16"]
[Round "6"]
[White "Tan, Hong Ghee"]
[Black "Wiwatanadate, Poompong"]
[Result "1/2-1/2"]
[WhiteElo "1872"]
[BlackElo "2011"]
[PlyCount "132"]
[EventDate "2018.06.13"]
[EventType "swiss"]
[EventRounds "9"]
[EventCountry "MAS"]
[SourceTitle "CBM 184 Extra"]
[Source "ChessBase"]
[SourceDate "2018.06.28"]
[SourceVersion "1"]
[SourceVersionDate "2018.06.28"]
[SourceQuality "1"]

1. Nf3 g6 2. d4 Nf6 3. c4 Bg7 4. Nc3 0-0 5. Bg5 c5 6. d5 d6 7. Qd2 Re8 8. e3 b5 9. cxb5 a6 10. bxa6 Qb6 11. Rb1 Bf5 12. Bd3 Bxd3 13. Qxd3 Nxa6 14. a3 Rec8 15. Nd2 Nc7 16. 0-0 Qb7 17. e4 Rab8 18. Nc4 Nb5 19. Nxb5 Qxb5 20. Rfd1 Qd7 21. h3 h6 22. Be3 Qa4 23. b3 Qa6 24. a4 Nd7 25. Rdc1 Ra8 26. Bd2 Nb6 27. Kf1 Rf8 28. g4 e6 29. Bc3 exd5 30. exd5 Rfe8 31. Bxg7 Kxg7 32. Kg2 Re7 33. Qc3+ Kg8 34. Nxb6 Qxb6 35. Re1 Rae8 36. Kf1 Qa6+ 37. Qc4 Qa5 38. Rxe7 Rxe7 39. Qd3 Qb4 40. Rd1 Rb7 41. Re1 Qxb3 42. Qxb3 Rxb3 43. Ra1 Kf8 44. a5 Ke7 45. Ke2 Kd7 46. a6 Rb8 47. a7 Ra8 48. Kd3 Kc7 49. Ra6 Kb7 50. Rxd6 Rxa7 51. Rd7+ Kb6 52. Rxa7 Kxa7 53. Kc4 Kb6 54. h4 f6 55. f4 h5 56. gxh5 gxh5 57. f5 Kb7 58. Kxc5 Kc7 59. d6+ Kd8 60. Kc4 Kc8 61. Kb5 Kd7 62. Kc5 Kd8 63. Kd4 Kc8 64. Ke4 Kd8 65. Kd5 Kd7 66. Kc5 Kd8 1/2-1/2

[Event "Penang Mini op1st"]
[Site "Penang"]
[Date "2018.06.14"]
[Round "3"]
[White "Lim, Kian Hwa"]
[Black "Tan, Hong Ghee"]
[Result "1/2-1/2"]
[WhiteElo "1709"]
[BlackElo "1872"]
[PlyCount "116"]
[EventDate "2018.06.13"]
[EventType "swiss"]
[EventRounds "9"]
[EventCountry "MAS"]
[SourceTitle "CBM 184 Extra"]
[Source "ChessBase"]
[SourceDate "2018.06.28"]
[SourceVersion "1"]
[SourceVersionDate "2018.06.28"]
[SourceQuality "1"]

1. e4 c6 2. d4 d5 3. Nc3 dxe4 4. Nxe4 Bf5 5. Ng3 Bg6 6. Nf3 Nd7 7. Bc4 e6 8. 0-0 Ngf6 9. Re1 Be7 10. Qe2 0-0 11. Bb3 Qc7 12. Bd2 Rfe8 13. Ne5 Bd6 14. c4 c5 15. Bc3 cxd4 16. Bxd4 Nxe5 17. Bxe5 Bxe5 18. Qxe5 Qxe5 19. Rxe5 Red8 20. h3 Rac8 21. Rae1 b6 22. R5e3 Rd2 23. R3e2 Rd4 24. Re3 Rd2 25. R3e2 Rd4 26. Re3 Nd7 27. Ne4 h6 28. Nc3 Nc5 29. Nb5 Rd7 30. Rd1 Rcd8 31. Rxd7 Rxd7 32. Nc3 Nxb3 33. axb3 Kf8 34. f3 Rd2 35. Re2 Rxe2 36. Nxe2 Ke7 37. Kf2 Kd6 38. f4 Bd3 39. Nc1 Bc2 40. b4 a5 41. bxa5 bxa5 42. Ke3 Kc5 43. b3 f6 44. g3 a4 45. bxa4 Kxc4 46. a5 Kb5 47. Kd2 Be4 48. Nb3 Bd5 49. Nd4+ Kxa5 50. f5 exf5 51. Nxf5 Be6 52. Nxg7 Bxh3 53. Ke3 Kb4 54. Kf4 Kc4 55. Nh5 f5 56. Ng7 Kd4 57. Nxf5+ Bxf5 58. Kxf5 Ke3 1/2-1/2

[Event "Penang Mini op1st"]
[Site "Penang"]
[Date "2018.06.14"]
[Round "2"]
[White "Tan, Hong Ghee"]
[Black "Kulpruethanon, Thanadon"]
[Result "0-1"]
[WhiteElo "1872"]
[BlackElo "2220"]
[PlyCount "88"]
[EventDate "2018.06.13"]
[EventType "swiss"]
[EventRounds "9"]
[EventCountry "MAS"]
[SourceTitle "CBM 184 Extra"]
[Source "ChessBase"]
[SourceDate "2018.06.28"]
[SourceVersion "1"]
[SourceVersionDate "2018.06.28"]
[SourceQuality "1"]

1. d4 d5 2. Nf3 Nf6 3. Bg5 Ne4 4. Bf4 Bf5 5. e3 e6 6. Bd3 Bd6 7. c3 0-0 8. Bxd6 cxd6 9. 0-0 Nc6 10. Bc2 b5 11. a3 a5 12. Nbd2 Nxd2 13. Nxd2 Bxc2 14. Qxc2 Qb6 15. Rfc1 Rfc8 16. Qb3 Rab8 17. e4 Ne7 18. g3 Qc6 19. exd5 Nxd5 20. Qd1 Nb6 21. Rab1 h6 22. Qe2 Nc4 23. Nxc4 Qxc4 24. Qxc4 bxc4 25. Rc2 Rb3 26. Re1 Rcb8 27. Ree2 g5 28. Kf1 Kg7 29. Ke1 g4 30. Kd1 Kf6 31. Kc1 R3b5 32. Re4 Rg8 33. Re3 a4 34. f4 h5 35. Rce2 h4 36. Rg2 Rh5 37. Re1 hxg3 38. hxg3 Rgh8 39. Kd2 Rh2 40. Ree2 Rxg2 41. Rxg2 Kf5 42. Ke3 Rh1 43. Rd2 Rh3 44. Rg2 d5 0-1

[Event "UTP Team-chT"]
[Site "Seri Iskandar"]
[Date "2017.09.23"]
[Round "3.1"]
[White "Tan, Hong Ghee"]
[Black "Nik, Ahmad Farouqi"]
[Result "1/2-1/2"]
[WhiteElo "1726"]
[BlackElo "1998"]
[PlyCount "173"]
[EventDate "2017.09.23"]
[EventType "team-swiss"]
[EventRounds "7"]
[EventCountry "MAS"]
[SourceTitle "EXT 2019"]
[Source "ChessBase"]
[SourceDate "2018.10.10"]
[SourceVersion "1"]
[SourceVersionDate "2018.10.10"]
[SourceQuality "1"]

1. d4 d5 2. Nf3 Nf6 3. c4 c6 4. cxd5 cxd5 5. Nc3 Nc6 6. Bf4 a6 7. e3 Bg4 8. Be2 e6 9. h3 Bxf3 10. Bxf3 Bd6 11. Bxd6 Qxd6 12. 0-0 0-0 13. Qb3 Na5 14. Qd1 b5 15. Be2 Qb4 16. Qd2 Rfc8 17. Rac1 Nc4 18. Bxc4 dxc4 19. Rfd1 Qe7 20. Qe2 Nd5 21. Nxd5 exd5 22. Rc2 Re8 23. Qf3 Rad8 24. Re2 b4 25. Rc2 a5 26. Ra1 Qd7 27. Qd1 Re6 28. a3 Rg6 29. Qf3 Rf6 30. Qg4 Qa4 31. Qd1 Qb5 32. Qe2 b3 33. Rc3 Re6 34. Re1 f5 35. f4 Rde8 36. Qf2 Qd7 37. g3 Rh6 38. h4 Re4 39. Qf3 Rg6 40. Kf2 Qe7 41. Rh1 Rge6 42. Rd1 g6 43. Rd2 Qf6 44. Rd1 Kg7 45. Rd2 Re8 46. Rd1 h6 47. Re1 R8e6 48. Rcc1 Qe7 49. Rc3 Kf7 50. Rh1 Kg7 51. Rh2 Qf6 52. Rh1 Qf7 53. Rh2 Rd6 54. Rh1 Qf6 55. Rh2 Rde6 56. Rh1 Kf8 57. Rh2 Ke8 58. Rh1 Kd7 59. Rd1 Kc7 60. Rh1 Kb6 61. Rd1 Re7 62. Rh1 Rh7 63. Rh2 Qh8 64. Rh1 Qf6 65. Rh2 Rg7 66. Rh1 Ka6 67. Rh2 Rge7 68. Rh1 R7e6 69. Rd1 Ka7 70. Rh1 Kb6 71. Rd1 g5 72. hxg5 hxg5 73. fxg5 Qxg5 74. Rh1 Rxd4 75. Rh5 Rd2+ 76. Ke1 Qxh5 77. Qxh5 Rxb2 78. Qxf5 Rd6 79. Qe5 Rb1+ 80. Kf2 Kc6 81. e4 Rd1 82. exd5+ Kc5 83. Qe3+ Kxd5 84. Qf3+ Kc5 85. Qe3+ Kb5 86. Qe5+ R6d5 87. Qe8+ 1/2-1/2

[Event "Penang op 7th"]
[Site "Penang"]
[Date "2015.12.10"]
[Round "6"]
[White "Tan, Hong Ghee"]
[Black "Ooi, Zhi Yang"]
[Result "0-1"]
[WhiteElo "1930"]
[BlackElo "2146"]
[PlyCount "54"]
[EventDate "2015.12.07"]
[EventType "swiss"]
[EventRounds "9"]
[EventCountry "MAS"]
[SourceTitle "CBM 169 Extra"]
[Source "ChessBase"]
[SourceDate "2015.12.18"]
[SourceVersion "1"]
[SourceVersionDate "2015.12.18"]
[SourceQuality "1"]

1. e4 e5 2. Nf3 Nc6 3. Bb5 Nge7 4. d3 g6 5. 0-0 Bg7 6. Nc3 0-0 7. Bxc6 bxc6 8. b3 d6 9. Bb2 f5 10. Nd2 Be6 11. Qe2 Qd7 12. Rad1 g5 13. f3 f4 14. Na4 g4 15. Qf2 c5 16. c4 Rf6 17. Nc3 Rh6 18. Ne2 Rf8 19. Rb1 Qe8 20. g3 gxf3 21. Nxf3 Bh3 22. Kh1 fxg3 23. Qxg3 Bxf1 24. Rxf1 Qh5 25. Neg1 Rg6 26. Qh3 Qxh3 27. Nxh3 Rgf6 0-1

[Event "Penang op 6th"]
[Site "Penang"]
[Date "2014.12.12"]
[Round "8"]
[White "Chuah, Hao Feng"]
[Black "Tan, Hong Ghee"]
[Result "1/2-1/2"]
[WhiteElo "1735"]
[BlackElo "1918"]
[PlyCount "51"]
[EventDate "2014.12.08"]
[EventType "swiss"]
[EventRounds "9"]
[EventCountry "MAS"]
[SourceTitle "CBM 163 Extra"]
[Source "ChessBase"]
[SourceDate "2014.12.23"]
[SourceVersion "1"]
[SourceVersionDate "2014.12.23"]
[SourceQuality "1"]

1. e4 c6 2. d4 d5 3. Nc3 dxe4 4. Nxe4 Nd7 5. Nf3 Ngf6 6. Nxf6+ Nxf6 7. Bc4 e6 8. 0-0 Be7 9. h3 0-0 10. c3 c5 11. Be3 cxd4 12. Qxd4 Qxd4 13. Bxd4 b6 14. Ne5 Bb7 15. Rfe1 Rfd8 16. Re2 Nd5 17. g3 Bf6 18. f4 Rac8 19. Bb3 Ba6 20. Rd2 Bb7 21. Rad1 Ne7 22. g4 h6 23. f5 Bg5 24. Rf2 Bd5 25. fxe6 fxe6 26. c4 1/2-1/2

[Event "Penang op 6th"]
[Site "Penang"]
[Date "2014.12.10"]
[Round "5"]
[White "Tan, Hong Ghee"]
[Black "Aris, TLS"]
[Result "0-1"]
[WhiteElo "1918"]
[BlackElo "2177"]
[PlyCount "68"]
[EventDate "2014.12.08"]
[EventType "swiss"]
[EventRounds "9"]
[EventCountry "MAS"]
[SourceTitle "CBM 163 Extra"]
[Source "ChessBase"]
[SourceDate "2014.12.23"]
[SourceVersion "1"]
[SourceVersionDate "2014.12.23"]
[SourceQuality "1"]

1. c4 Nf6 2. Nf3 e6 3. Nc3 b6 4. d4 Bb4 5. e3 Bb7 6. Bd3 c5 7. 0-0 Bxc3 8. bxc3 0-0 9. Qe2 d5 10. a4 dxc4 11. Bxc4 Ne4 12. Bb2 Nc6 13. Rad1 Qe7 14. Bd3 f5 15. Nd2 Na5 16. f3 Nd6 17. Ba3 Qc7 18. dxc5 bxc5 19. Nc4 Rfd8 20. Rb1 Ba6 21. Nxd6 Bxd3 22. Qxd3 Rxd6 23. Qb5 Rc8 24. Rfd1 a6 25. Qe2 Rxd1+ 26. Rxd1 Qc6 27. Qc2 Nc4 28. Bc1 h6 29. h3 Rb8 30. Kh2 Qc7+ 31. g3 Qc6 32. Kg2 Re8 33. Kf2 Ne5 34. e4 c4 0-1

[Event "Penang op 6th"]
[Site "Penang"]
[Date "2014.12.08"]
[Round "1"]
[White "Tan, Hong Ghee"]
[Black "Tin, Jingyao"]
[Result "1/2-1/2"]
[WhiteElo "1918"]
[BlackElo "2355"]
[PlyCount "68"]
[EventDate "2014.12.08"]
[EventType "swiss"]
[EventRounds "9"]
[EventCountry "MAS"]
[SourceTitle "CBM 163 Extra"]
[Source "ChessBase"]
[SourceDate "2014.12.23"]
[SourceVersion "1"]
[SourceVersionDate "2014.12.23"]
[SourceQuality "1"]

1. c4 c5 2. Nf3 Nf6 3. Nc3 d5 4. cxd5 Nxd5 5. d4 Nxc3 6. bxc3 g6 7. e3 Bg7 8. Be2 0-0 9. 0-0 Nc6 10. a4 Qa5 11. Qb3 Rb8 12. Bd2 Bg4 13. Rfd1 e5 14. h3 Bxf3 15. Bxf3 exd4 16. cxd4 Qd8 17. Rac1 cxd4 18. Bxc6 bxc6 19. Qc4 Qd5 20. exd4 Rfd8 21. Be3 Rb6 22. Qxd5 cxd5 23. Rc7 Ra6 24. Rb1 Rxa4 25. Rbb7 Rf8 26. Rxa7 Rxa7 27. Rxa7 Rd8 28. Kf1 Bf6 29. Ke2 h5 30. g4 hxg4 31. hxg4 g5 32. Kd3 Kf8 33. Rb7 Ra8 34. Rd7 Rd8 1/2-1/2

[Event "Penang op-A 5th"]
[Site "Penang"]
[Date "2013.12.10"]
[Round "2"]
[White "Tan, Hong Ghee"]
[Black "Biag, Ivan Gil"]
[Result "0-1"]
[WhiteElo "1962"]
[BlackElo "2279"]
[PlyCount "66"]
[EventDate "2013.12.09"]
[EventType "swiss"]
[EventRounds "9"]
[EventCountry "MAS"]
[SourceTitle "CBM 157 Extra"]
[Source "ChessBase"]
[SourceDate "2013.12.19"]
[SourceVersion "1"]
[SourceVersionDate "2013.12.19"]
[SourceQuality "1"]

1. e4 c6 2. d4 d5 3. exd5 cxd5 4. Bd3 Nc6 5. c3 Qc7 6. h3 Nf6 7. Nf3 g6 8. 0-0 Bf5 9. Re1 Bxd3 10. Qxd3 Bg7 11. Nbd2 0-0 12. Ne5 Nxe5 13. dxe5 Nd7 14. Qxd5 Nxe5 15. Nf3 Rad8 16. Qe4 Nd3 17. Rf1 e5 18. Bg5 f6 19. Be3 b6 20. Rab1 Rf7 21. Ne1 f5 22. Qa4 f4 23. Bc1 Qd7 24. Qxd7 Rfxd7 25. Nxd3 Rxd3 26. f3 Bf6 27. Kf2 Rd1 28. Rxd1 Rxd1 29. Ke2 Rg1 30. Kf2 Rh1 31. c4 Be7 32. a3 Bc5+ 33. Ke2 Be3 0-1

[Event "Penang op 4th"]
[Site "Penang"]
[Date "2012.12.12"]
[Round "4"]
[White "Tan, Hong Ghee"]
[Black "Tan, Li Ting"]
[Result "1/2-1/2"]
[WhiteElo "2042"]
[BlackElo "1861"]
[PlyCount "78"]
[EventDate "2012.12.11"]
[EventType "swiss"]
[EventRounds "9"]
[EventCountry "MAS"]
[SourceTitle "EXT 2014"]
[Source "ChessBase"]
[SourceDate "2013.11.20"]
[SourceVersion "1"]
[SourceVersionDate "2013.11.20"]
[SourceQuality "1"]

1. c4 c6 2. d4 d5 3. cxd5 cxd5 4. Nc3 Nc6 5. Nf3 Nf6 6. Bf4 a6 7. e3 e6 8. Bd3 Be7 9. 0-0 b5 10. Rc1 Nb4 11. Bb1 Bb7 12. Ne5 Qb6 13. Qf3 0-0 14. Bg5 Qd6 15. Bxf6 Bxf6 16. Qh3 g6 17. f4 Bg7 18. Rf3 f5 19. Rcf1 Rac8 20. g4 Rc7 21. Qh4 Qd8 22. Qg3 Nc6 23. h3 Na5 24. R3f2 Nc4 25. Nd1 Nd6 26. Kh2 Kh8 27. Rg1 Bf6 28. Qg2 Rg8 29. g5 Bxe5 30. fxe5 Ne4 31. Bxe4 dxe4 32. Rc2 Rgg7 33. Nc3 Rc8 34. Rgc1 Rgc7 35. a3 Kg7 36. h4 Qe7 37. Kg3 Kf7 38. Kf4 h5 39. Qd2 Qd7 1/2-1/2